Construcción de conocimiento sobre características de aprendizaje de las Matemáticas a través del análisis de vídeos (Record no. 183127)
[ view plain ]
| 000 -CABECERA | |
|---|---|
| campo de control de longitud fija | 01719nab a2200325 a 4500 |
| 005 - FECHA Y HORA DE LA ÚLTIMA TRANSACCIÓN | |
| campo de control | 20250519090335.0 |
| 008 - ELEMENTOS DE LONGITUD FIJA--INFORMACIÓN GENERAL | |
| campo de control de longitud fija | 991125c2016 sp fr p o 000 0 spa d |
| 035 ## - NÚMERO DE CONTROL DEL SISTEMA | |
| Número de control de sistema | UPN01000211026 |
| 040 ## - FUENTE DE LA CATALOGACIÓN | |
| Centro catalogador/agencia de origen | MX-MxUPN |
| Lengua de catalogación | spa |
| Centro/agencia transcriptor | MX-MxUPN |
| Normas de descripción | aacr2 |
| 049 ## - COLECCIÓN | |
| Colección | ART-E |
| 100 1# - ASIENTO PRINCIPAL--NOMBRE PERSONAL | |
| Nombre de persona | Climent Rodríguez, Nuria |
| 100 1# - ASIENTO PRINCIPAL--NOMBRE PERSONAL | |
| Nombre de persona | Montes Navarro, Miguel Ángel |
| 100 1# - ASIENTO PRINCIPAL--NOMBRE PERSONAL | |
| Nombre de persona | Contreras González, Luis Carlos |
| 100 1# - ASIENTO PRINCIPAL--NOMBRE PERSONAL | |
| Nombre de persona | Carrillo Yáñez, José |
| 100 1# - ASIENTO PRINCIPAL--NOMBRE PERSONAL | |
| Nombre de persona | Liñán, M. Mar |
| 100 1# - ASIENTO PRINCIPAL--NOMBRE PERSONAL | |
| Nombre de persona | Muñoz Catalán, Cinta |
| 100 1# - ASIENTO PRINCIPAL--NOMBRE PERSONAL | |
| Nombre de persona | Barrera, Víctor J. |
| 245 00 - MENCIÓN DE TÍTULO | |
| Título | Construcción de conocimiento sobre características de aprendizaje de las Matemáticas a través del análisis de vídeos |
| 506 0# - NOTA DE RESTRICCIONES AL ACCESO | |
| Limitaciones de acceso | Acceso abierto |
| 520 3# - NOTA DE RESUMEN, ETC. | |
| Sumario, etc. | En este artículo abordamos la construcción de conocimiento sobre las características de aprendizaje matemático . Nos centramos en cómo tres estudiantes para maestro analizan un video en el que una maestra de primaria trabaja contenidos de geometría con sus alumnos. Mostraremos cómo la discusión del video da a estos tres estudiantes para maestro la oportunidad de mirar profesionalmente el aprendizaje de los alumnos que en él aparecen, movilizando lo aprendido en cursos previos y creando la posibilidad de generar nuevo conocimiento a través de sus intentos por comprender a los alumnos. |
| 650 #4 - ASIENTO SECUNDARIO DE MATERIA - TERMINO TEMATICO | |
| Término de materia o nombre geográfico como elemento de entrada | Estudiantes |
| 9 (RLIN) | 13250 |
| 653 0# - TERMINO DE INDIZACION - NO CONTROLADO | |
| Término no controlado | Aprendizaje matemático |
| 653 0# - TERMINO DE INDIZACION - NO CONTROLADO | |
| Término no controlado | Análisis de video |
| 773 ## - ENLACE AL DOCUMENTO FUENTE/ENTRADA DE REGISTRO ANFITRIÓN | |
| Parte(s) relacionada(s) | No. 9 (2016), p. 85-103 |
| Título | Avances de investigación en educación matemática |
| Número Internacional Normalizado para Publicaciones Seriadas | 2254-4313 |
| 856 4# - LOCALIZACIÓN Y ACCESO ELECTRÓNICOS | |
| Identificador Uniforme del Recurso | <a href="https://aiem.es/article/view/3961">https://aiem.es/article/view/3961</a> |
| 856 4# - LOCALIZACIÓN Y ACCESO ELECTRÓNICOS | |
| Identificador Uniforme del Recurso | <a href="https://doi.org/10.35763/aiem.v0i9.108">https://doi.org/10.35763/aiem.v0i9.108</a> |
| 902 ## - ELEMENTOS DE DATOS B LOCAL, LDB (RLIN) | |
| Creó | Gloria Jiménez/190525 |
| 905 ## - TIPO DE MATERIAL | |
| Tipo de material | Articulo |
| 942 ## - ELEMENTOS DE PUNTO DE ACCESO ADICIONAL (KOHA) | |
| Tipo de ítem Koha | Artículo Electrónico |
| Estado de retiro | Estado de pérdida | Estado dañado | No para préstamo | Código de colección | Localización permanente | Ubicación/localización actual | Ubicación en estantería | Fecha de adquisición | Total de préstamos | Fecha visto por última vez | Identificador Uniforme del Recurso | Precio válido a partir de | Tipo de ítem Koha |
|---|---|---|---|---|---|---|---|---|---|---|---|---|---|
| Acceso abierto | Bib. Gregorio Torres Quintero | Bib. Gregorio Torres Quintero | En línea | 19/05/2025 | 19/05/2025 | https://doi.org/10.35763/aiem.v0i9.108 | 19/05/2025 | Artículo Electrónico |
